| 000 | 00932nam a22002655a 4500 | ||
|---|---|---|---|
| 005 | 20151214132551.0 | ||
| 008 | 150709s2013 enka frb 101 0 eng d | ||
| 020 | _a9780415864862 | ||
| 040 |
_aEG-ScBUE _beng _dEG-ScBUE |
||
| 043 | _aa-ii--- | ||
| 082 | 0 | 4 |
_222 _a321.8 _bDEM |
| 245 | 0 | 0 |
_aDemocratic culture : _bhistorical and philosophical essays / _ceditor Akeel Bilgrami. |
| 260 |
_aLondon ; _aNew York : _bRoutledge / Taylor & Francis, _c2013. |
||
| 300 |
_aix, 235 p. : _bill. ; _c22 cm. |
||
| 490 | 0 |
_aCritical interventions in theory and praxis ; _v1 |
|
| 500 | _aIndex : p. 228-235. | ||
| 500 | _aBased on presentations at a conference in Varanasi, 2008. | ||
| 504 | _aBibliography : p. 214-223. | ||
| 650 | 0 |
_2BUEsh _aDemocracy. _vCongresses. |
|
| 650 | 0 |
_aDemocracy _zIndia _vCongresses. _2BUEsh |
|
| 651 | _2BUEsh | ||
| 653 |
_bBUSBOL _cJuly2015 _cDecember2015 |
||
| 700 | 1 |
_aBilgrami, Akeel _eeditor. |
|
| 942 | _2ddc | ||
| 999 |
_c20333 _d20305 |
||